000
00210 a2200097 4500
001
27508
100
_a
Dock, V.T
245
_a
Fortran IV programming
260
_a
_b
Reston pub Co
_c
1972
090
_c
18299
_d
18299
942
_a
NUST-CAE
_c
M
_c
9223
999
_c
262581
_d
262581